Kabale University Library Catalogue

Successful nurse communication : (Record no. 127)

MARC details
000 -LEADER
fixed length control field 01251cam a22003617i 4500
001 - CONTROL NUMBER
control field 18549261
003 - CONTROL NUMBER IDENTIFIER
control field OSt
005 - DATE AND TIME OF LATEST TRANSACTION
control field 20200310215720.0
008 - FIXED-LENGTH DATA ELEMENTS--GENERAL INFORMATION
fixed length control field 150331t20162016pauac b 001 0 eng
010 ## - LIBRARY OF CONGRESS CONTROL NUMBER
LC control number 2015937542
020 ## - INTERNATIONAL STANDARD BOOK NUMBER
International Standard Book Number 9780803639454
020 ## - INTERNATIONAL STANDARD BOOK NUMBER
International Standard Book Number 0803639457
040 ## - CATALOGING SOURCE
Original cataloging agency NLM
Language of cataloging eng
Transcribing agency NLM
Description conventions rda
Modifying agency YDXCP
-- BTCTA
-- VYD
-- OLL
-- LTSCA
-- OCLCF
-- EEK
-- CNNWL
-- IAX
-- DLC
-- KABLIB
082 04 - DEWEY DECIMAL CLASSIFICATION NUMBER
Classification number 610.730699
Edition number 23
Item number BOY
100 1# - MAIN ENTRY--PERSONAL NAME
Personal name Boynton, Beth.
Relator term author.
9 (RLIN) 467
245 10 - TITLE STATEMENT
Title Successful nurse communication :
Remainder of title safe care, healthy workplaces, & rewarding careers /
Statement of responsibility, etc. Beth Boynton,
264 #1 - PRODUCTION, PUBLICATION, DISTRIBUTION, MANUFACTURE, AND COPYRIGHT NOTICE
Place of production, publication, distribution, manufacture Philadelphia, PA :
Name of producer, publisher, distributor, manufacturer F.A. Davis Company,
Date of production, publication, distribution, manufacture, or copyright notice [2016]
264 #4 - PRODUCTION, PUBLICATION, DISTRIBUTION, MANUFACTURE, AND COPYRIGHT NOTICE
Date of production, publication, distribution, manufacture, or copyright notice ©2016
300 ## - PHYSICAL DESCRIPTION
Extent xv, 224 p :
Other physical details ill ;
Dimensions 23 cm
500 ## - GENERAL NOTE
General note Includes index[216-224p].
504 ## - BIBLIOGRAPHY, ETC. NOTE
Bibliography, etc. note Includes bibliographical references
650 #0 - SUBJECT ADDED ENTRY--TOPICAL TERM
Topical term or geographic name entry element Communication in nursing.
9 (RLIN) 468
650 #0 - SUBJECT ADDED ENTRY--TOPICAL TERM
Topical term or geographic name entry element Nursing
General subdivision Methods.
9 (RLIN) 469
650 #0 - SUBJECT ADDED ENTRY--TOPICAL TERM
Topical term or geographic name entry element Nurse and patient.
9 (RLIN) 470
650 12 - SUBJECT ADDED ENTRY--TOPICAL TERM
Topical term or geographic name entry element Nursing
General subdivision methods
9 (RLIN) 471
650 12 - SUBJECT ADDED ENTRY--TOPICAL TERM
Topical term or geographic name entry element Communication
9 (RLIN) 472
650 22 - SUBJECT ADDED ENTRY--TOPICAL TERM
Topical term or geographic name entry element Nurse-Patient Relations
9 (RLIN) 473
650 #7 - SUBJECT ADDED ENTRY--TOPICAL TERM
Topical term or geographic name entry element Communication in nursing.
Source of heading or term fast
9 (RLIN) 468
650 #7 - SUBJECT ADDED ENTRY--TOPICAL TERM
Topical term or geographic name entry element Nurse and patient.
Source of heading or term fast
Authority record control number or standard number (OCoLC)fst01041457
9 (RLIN) 470
650 #7 - SUBJECT ADDED ENTRY--TOPICAL TERM
Topical term or geographic name entry element Nursing.
Source of heading or term fast
9 (RLIN) 145
655 #7 - INDEX TERM--GENRE/FORM
Genre/form data or focus term Methods (Music)
Source of term fast
9 (RLIN) 474
942 ## - ADDED ENTRY ELEMENTS (KOHA)
Source of classification or shelving scheme Dewey Decimal Classification
Koha item type Book
Holdings
Withdrawn status Lost status Source of classification or shelving scheme Damaged status Not for loan Home library Current library Shelving location Date acquired Total Checkouts Full call number Barcode Date last seen Price effective from Koha item type
    Dewey Decimal Classification     School of Medicine Library School of Medicine Library Open Access Section 10.03.2020   610.730699 BOY 3261 10.03.2020 10.03.2020 Book

Kabale University Library | Kabale University P.O Box 317, Kabale, Uganda
Tel : +256754017033, +256774661503 E-mail : library@kab.ac.ug